| 000 | 00565 a2200193 4500 | ||
|---|---|---|---|
| 005 | 20260406123503.0 | ||
| 008 | 260403b |||||||| |||| 00| 0 eng d | ||
| 020 |
_a9788198051837 _cRs. 320.00 |
||
| 040 | _aMAIN | ||
| 082 |
_a658 _bD26B |
||
| 100 | _aDass, Kishor Kumar | ||
| 245 | _aBusiness organisation and management: As per FYUG syllabus as prescribed under NEP | ||
| 260 |
_bKitab Mahal Publishers _c2024 _aNew Delhi |
||
| 300 | _aviii, 304 | ||
| 650 | _aManagement | ||
| 650 | _aBusiness Organisation | ||
| 700 | _aSahoo, Aditya Prasad | ||
| 942 | _cBK | ||
| 999 |
_c396249 _d396249 |
||